The impact of the recent currency crisis on Malaysian exports /
Saved in:
| 主要作者: | |
|---|---|
| 格式: | Thesis 图书 |
| 语言: | English |
| 出版: |
2000.
|
| 主题: | |
| 在线阅读: | http://studentsrepo.um.edu.my/id/eprint/2814 |
| 标签: |
添加标签
没有标签, 成为第一个标记此记录!
|
| LEADER | 00934cam a2200265 a 4500 | ||
|---|---|---|---|
| 001 | u480165 | ||
| 003 | SIRSI | ||
| 008 | 940809s2000 my a t 00 1 eng m | ||
| 035 | |a ACO-8600 | ||
| 040 | |a UMM | ||
| 043 | |a a-my-- | ||
| 090 | |a HB71 |b UM 2000 Dei | ||
| 100 | 0 | 0 | |a Deivanai Kaliappan. |
| 245 | 1 | 4 | |a The impact of the recent currency crisis on Malaysian exports / |c Deivanai a/p Kaliappan. |
| 260 | |c 2000. | ||
| 300 | |a xi, 138 leaves : |b ill. ; |c 30 cm. | ||
| 502 | |a Dissertation (M.Ec.) -- Fakulti Ekonomi dan Pentadbiran, Universiti Malaya, 2000. | ||
| 504 | |a Bibliography: leaves 133-138. | ||
| 650 | 0 | |a Financial crises |z Malaysia. | |
| 650 | 0 | |a Exports |z Malaysia. | |
| 710 | 2 | 0 | |a Universiti Malaya. |b Fakulti Ekonomi dan Pentadbiran. |
| 856 | 4 | 1 | |u http://studentsrepo.um.edu.my/id/eprint/2814 |
| 948 | |a 12/04/2001 |b 18/11/2002 | ||
| 596 | |a 1 | ||
| 999 | |a HB71 UM 2000 DEI |w LC |c 1 |i A510643397 |l STACKS |m P01UTAMA |r Y |s Y |t TESIS |u 9/5/2002 | ||
